Optometría. Manual de exámenes clínicos.

Đã lưu trong:
Chi tiết về thư mục
Tác giả chính: Borràs García, M. Rosa (autora)
Tác giả khác: Castañé Farran, Marina (autora), Ondategui Parra, Juan Carlos (autor), Pacheco Cutillas, Mireia (autora), Peris March, Elvira (autora), Sánchez Herrero, Eulalia (autora), Varón Puentes, Consuelo (autora)
Định dạng: Sách
Ngôn ngữ:Tiếng Tây Ban Nha
Được phát hành: Barcelona, España: Ediciones UPC -Universitat Politécnica de Catalunya, 1999.
Phiên bản:Tercera edición.
Loạt:Colección Aula Politècnica ;
Những chủ đề:
Các nhãn: Thêm thẻ
Không có thẻ, Là người đầu tiên thẻ bản ghi này!

MARC

LEADER 00000nam a2200000 a 4500
001 UCO1751
003 CL-VaPUC
005 20231121130416.0
008 000519e19990000SP |||||||||||||||||spa|d
020 |a 978-84-8301-309-0 
040 |c Pontificia Universidad Católica de Valparaíso 
082 0 4 |a 617.75 BOR 1999  |2 21 
100 |a Borràs García, M. Rosa  |e autora   |9 457028 
245 1 0 |a Optometría.   |b Manual de exámenes clínicos. 
250 |a Tercera edición. 
260 |a Barcelona, España:  |b Ediciones UPC -Universitat Politécnica de Catalunya,   |c 1999. 
300 |a 279 páginas.  
490 0 |a Colección Aula Politècnica ;  |n  4.  
583 |a last modification  |c 20000519 00:00:00  |k Rodrigo Vera 
650 0 |a Defectos visuales  |2 CL-VaPUC  |9 341018 
650 0 |a Instrumentos ópticos  |9 314799 
650 0 |a Optometría   |x Manual   |9 886069 
700 0 |a Castañé Farran, Marina  |e autora  |9 444237 
700 0 |a Ondategui Parra, Juan Carlos  |e autor  |9 444238 
700 0 |a Pacheco Cutillas, Mireia  |e autora  |9 444239 
700 0 |a Peris March, Elvira  |e autora  |9 444240 
700 0 |a Sánchez Herrero, Eulalia  |e autora  |9 444241 
700 0 |a Varón Puentes, Consuelo  |e autora  |9 444242 
942 |c BK  |2 ddc 
945 |d 20000519 00:00:00  |a vberengu 
999 |c 288348  |d 288346 
952 |0 0  |1 0  |4 0  |6 617_750000000000000_BOR_1999  |7 0  |8 A  |9 335967  |a BIBCUR  |b BIBCUR  |d 2019-11-20  |i 3621766  |l 1  |o 617.75 BOR 1999  |p 3621766  |r 2025-04-24  |s 2025-04-23  |w 2019-11-20  |y BK  |k TEM 
952 |0 0  |1 0  |2 ddc  |4 0  |6 617_750000000000000_BOR_1999  |7 0  |8 A  |9 592577  |a BIBCUR  |b BIBCUR  |c GEN  |d 2023-11-20  |e 1  |g 59160.00  |i 5659581  |l 3  |o 617.75 BOR 1999  |p 5659581  |r 2025-04-22  |s 2024-09-04  |t 2  |v 59160.00  |w 2023-11-20  |y BK  |k TEM